Η συμμετοχή της Ελλάδος στον Β' Παγκόσμιο Πόλεμο
Αποθηκεύτηκε σε:
| Μορφή: | Βιβλίο |
|---|---|
| Γλώσσα: | Greek |
| Δημοσίευση: |
Αθήνα :
Ακαδημία Αθηνών,
1998
|
| Σειρά: | Δημοσιεύματα του Κέντρου Ερεύνης της Ελληνικής Κοινωνίας ;
; 8 |
| Θέματα: | |
| Ετικέτες: |
Προσθήκη ετικέτας
Δεν υπάρχουν, Καταχωρήστε ετικέτα πρώτοι!
|
MARC
| LEADER | 00000cam a2200000 i 4500 | ||
|---|---|---|---|
| 001 | 1/30379 | ||
| 008 | 060529s1998 gre d | ||
| 035 | |l 10084134 | ||
| 040 | |a GR-MY-UA |b gre |e aacr | ||
| 041 | 0 | |a gre | |
| 082 | 0 | |a 938.764 |2 (22) | |
| 245 | 1 | 2 | |a Η συμμετοχή της Ελλάδος στον Β' Παγκόσμιο Πόλεμο / |c Βάσος Π. Μαθιόπουλος, Σοφοκλής Γ. Δημητρακόπουλος, Αλέξανδρος Λ. Ζαούσης |
| 260 | |a Αθήνα : |b Ακαδημία Αθηνών, |c 1998 | ||
| 300 | |a 2 τ. ; |c 24 εκ. | ||
| 490 | 1 | |a Δημοσιεύματα του Κέντρου Ερεύνης της Ελληνικής Κοινωνίας |v ; 8 | |
| 500 | |a Ο συγγραφέας του α' τόμου Βάσος Π. Μαθιόπουλος, οι συγγραφείς του β' τόμου Σοφοκλής Γ. Δημητρακόπουλος, Αλέξανδρος Λ. Ζαούσης | ||
| 650 | 0 | 0 | |a World War, 1939-1945 |z Greece. |
| 651 | 0 | |a Greece |x Foreign relations |y 1935-1967. | |
| 651 | 0 | |a Greece |x Politics and government |y 1935-1967. | |
| 830 | 0 | |a Δημοσιεύματα του Κέντρου Ερεύνης της Ελληνικής Κοινωνίας ; |v ; 8 | |
| 852 | |a INST |b LESVOS |e 20060529 |h 938.764 ΜΑΘ |p 005100035758 |q 005100035758 |t BK |y 0 |z τ.Β' | ||
| 852 | |a INST |b LESVOS |e 20060529 |h 938.764 ΜΑΘ |p 005100035759 |q 005100035759 |t BK |y 0 |z τ.Α' | ||
| 852 | |a INST |b LESVOS |e 20060529 |h 938.764 ΜΑΘ |p 005100035758 |q 005100035758 |t BK |v τ.Β': |y 0 |z τ.Β' | ||
| 852 | |a INST |b LESVOS |e 20060529 |h 938.764 ΜΑΘ |p 005100035759 |q 005100035759 |t BK |v τ.Α': |y 0 |z τ.Α' | ||
| 853 | |a INST |b LESVOS |h 938.764 ΜΑΘ | ||
| 901 | |a BIBL1-2006-2 | ||
| 909 | |a Λ |b 128529 | ||
| 909 | |a Λ |b 128530 | ||
| 970 | |a ΚΑΜΑΤΣΟΥ |b ΔΕΣΠΟΙΝΑ |z 2006/05/29 | ||